000 01010naa a2200265 i 4500
001 79388
003 ES-MaBCM
005 20241016120650.0
008 011129s2001 esp 000 0 spa d
021 _axx
035 _a(OCoLC)1365183642
040 _cES-MaBCM
041 0 _aspa
043 _aesp
100 1 _aRodríguez Díaz, Óscar
_940042
245 1 3 _aLa práctica de las notificaciones administrativas, mediante correo
_b: especial consideración a la Sentencia del Tribunal Supremo de 12-12-1997 y su incidencia tras la reforma de la Ley 30/1992 y la reforma de la Ley de servicios postales
_cÓscar Rodríguez Díaz
650 2 7 _aNotificación administrativa
_959556
650 7 _aServicio postal
_958155
651 2 4 _aEspaña
_9115342
655 4 _aJurisprudencia comentada
_959143
655 4 _aLegislación comentada
_9115338
773 0 _aEn:
_tRevista jurídica de Castilla La Mancha
_dToledo : 2001
_w104941
_gn. 31, sept., p. 291-310. - Loc. S.400
908 _aOCL
942 _cAREV
999 _c79388
_d79388